Normal view MARC view

Entry Término temático

Number of records used in: 1

001 - NÚMERO DE CONTROL

  • campo de control: 49703

003 - IDENTIFICADOR DEL NÚMERO DE CONTROL

  • campo de control: OSt

005 - FECHA Y HORA DE LA ÚLTIMA TRANSACCIÓN

  • campo de control: 20240506110715.0

008 - DATOS DE LONGITUD FIJA

  • campo de control de longitud fija: 240506|| aca||aabn | a|a d

040 ## - FUENTE DE LA CATALOGACIÓN

  • Centro catalogador/agencia de origen: OSt
  • Centro/agencia transcriptor: OSt

150 ## - ENCABEZAMIENTO--TÉRMINO DE MATERIA

  • Término de materia o nombre geográfico como elemento de entrada: Discurso al Colejio Electoral de la provincia de Arequipa

670 ## - FUENTE DE DATOS ENCONTRADOS

  • Cita de la fuente: Work cat.: (OSt): De Luna Pizarro, Francisco Javier. 49702, Discurso al Colejio Electoral de la provincia de Arequipa dicho el 5 de mayo del presente año en la santa iglesia catedral /, 2017

Powered by Koha